Social entrepreneurship: Managing the creation of social value (Record no. 396887)

MARC details
000 -LEADER
fixed length control field 00522 a2200193 4500
005 - DATE & TIME
control field 20260312113006.0
008 - FIXED-LENGTH DATA ELEMENTS--GENERAL INFORMATION
fixed length control field 260311b |||||||| |||| 00| 0 eng d
020 ## - ISBN
International Standard Book Number 9781032781273
Price Rs. 1795.00
040 ## - CATALOGING SOURCE
Original cataloging agency VIVEKANANDA LIBRARY
082 ## - DDC NUMBER
Classification number 658.408
Book Number B467S
100 ## - MAIN ENTRY--PERSONAL NAME
Personal name Beurge, Constant
245 ## - TITLE STATEMENT
Title Social entrepreneurship: Managing the creation of social value
260 ## - PUBLICATION, DISTRIBUTION, ETC. (IMPRINT)
Name of publisher, distributor, etc Routledge
Date of publication, distribution, etc 2025
Place of publication, distribution, etc New York
300 ## - PHYSICAL DESCRIPTION
Pages xiii, 315
650 ## - Subject
Subject Management
650 ## - Subject
Subject Entrepreneurship
650 ## - Subject
Subject Production
942 ## - ADDED ENTRY ELEMENTS (KOHA)
Koha item type Books
Holdings
Withdrawn status Lost status Source of classification or shelving scheme Damaged status Not for loan Location (home branch) Sublocation or collection (holding branch) Shelving location Date acquired Koha issues (times borrowed) Koha full call number Accession No. Koha date last seen Koha item type
    Dewey Decimal Classification     VIVEKANANDA LIBRARY VIVEKANANDA LIBRARY IMSAR Library 17/02/2026   658.408 B467S 420866 17/02/2026 Books
    Dewey Decimal Classification     VIVEKANANDA LIBRARY VIVEKANANDA LIBRARY IMSAR Library 17/02/2026   658.408 B467S 420867 17/02/2026 Books
© Designed and Maintained by Vivekananda Library, MDU Rohtak